عرض عادي
عرض مارك
- Ball, Martin J.
مدخل إسم شخص
001 - رقم الضبط
- حقل الضبط: 44673
003 - معرف رقم الضبط
- حقل الضبط: OSt
005 - تاريخ ووقت أخر عملية
- حقل الضبط: 20140511135822.0
008 - عناصر بيانات ثابتة الطول
- حقل تحكم ثابت الطول: 140511|||a|||||| | ||| d
040 ## - مصدر الفهرسة
- هيئة الفهرسة الأصلية: OSt
- وكالة الكتابة: OSt
100 ## - مدخل -- أسم شخص
- إسم شخص: Ball, Martin J.
- الشكل الكامل للاسم: (Martin John)
670 ## - بيانات المصدر موجوده
- الاستشهاد بالمصدر: Work cat.: (OSt)0: Research methods in clinical linguistics and phonetics :, 2013.
